000 00359nam a2200121Ia 4500
008 170221s9999 xx 000 0 und d
245 _aTHE USE OF ACCOUNTING INFORMATION IN DECISION MAKING: THE CASE OF ROMANIA
260 _bManagement & Marketing
260 _c2016
300 _aXIV : 2
650 _xMarketing.
856 _uhttp://www.mnmk.ro/en/nrcrt.php
999 _c308607
_d308607